00550nam a22001697a 450000500170000001000150001702000260003203500140005803700130007208200150008524500870010026000520018727000780023930000260031770000180034370000190036120220726112204.0 aENG-133935 a9788132105619c650.00 aEN-117467 bDBAD/PUB a371.359095 aDistance Education Technologies in Asia/cEdited by Jon Baggaley and Tian Belawati aNew DelhibSage Publication India Pvt Ltdc2010 aB1/1-1, Mohan Cooperative Industrial Area Mathura RoadbNew Delhie110044 axvii, 270p.c24cm(hb) aBaggaley, Jon aBelawati, Tian